| 000 | 00581nam a22001937a 4500 | ||
|---|---|---|---|
| 003 | BUBTL | ||
| 008 | 200622b xxu||||| |||| 00| 0 eng d | ||
| 020 | _a0-538-81818-2 | ||
| 082 | _a658.4/BAC | ||
| 100 |
_aBarton, Laurence _93215 |
||
| 245 |
_aCRISIS in Organizations : Managing and Communicating in the Heat of Chaos _bLaurence Barton |
||
| 260 |
_aOhio _bSouth-Western _cc1993 |
||
| 300 |
_a[xii] , 256p . : _bill . ; 23cm. |
||
| 500 | _aIncludes Index | ||
| 650 |
_aManagement _93216 |
||
| 856 |
_k0 _l0 _yDownload |
||
| 942 |
_2ddc _cBK |
||
| 999 |
_c6306 _d6306 |
||